000 01072cam a22003137a 4500
008 100303s2009 gw a b 001 0 eng
010 _a 2010286575
020 _a3527407898 (hbk.)
020 _a9783527407897 (hbk.)
040 _aUKM
_cUKM
_dOHX
_dYDXCP
_dBWX
_dOCLCQ
_dAGL
_dGA0
_dDLC
050 0 0 _aTP248.65.M37
_bS87 2009
082 0 4 _a620.44
_222
092 0 4 _a620.44
_bS2839
_221
099 _a04
_a620.44 S2839
245 0 0 _aSurface design :
_bapplications in bioscience and nanotechnology /
_cedited by Renate Fèorch, Holger Schèonherr, and A. Tobias A. Jenkins.
260 _aWeinheim :
_bWiley-VCH,
_cc2009.
300 _axxiii, 511 p. :
_bill. ;
_c25 cm.
504 _aIncludes bibliographical references and index.
650 0 _aMaterials
_xBiotechnology.
650 0 _aSurfaces (Technology)
_xDesign.
700 1 _aFèorch, Renate.
700 1 _aJenkins, A. Tobias A.
700 1 _aSchèonherr, Holger.
902 _a1
905 _aEman
_eRev.
905 _aJamal
_eCat.
942 _2ddc
_cBK
999 _c122281
_d122281